| 000 | 01438 a2200301 4500 | ||
|---|---|---|---|
| 999 |
_c7057 _d7057 |
||
| 020 | _a9780521479578 | ||
| 020 | _a0521479576 | ||
| 050 | 0 | 0 | _aHD5715 |
| 100 |
_aBooth, L . A _eauthor |
||
| 245 | 0 | 0 |
_aAcquiring skills : _bmarket failures, their symptoms and policy responses / _cedited by Alison L. Booth and Dennis J. Snower. |
| 264 |
_aCambridge: _bCambridge University press, _c1996. |
||
| 300 |
_axvii, 354 p. : _bill. ; |
||
| 500 | _a"This book arose out of a conference ... under the auspices of the Centre for Economic Policy Research"--P. xv. | ||
| 504 | _aIncludes bibliographical references and index. | ||
| 650 | 0 |
_aOccupational training _xCongresses. |
|
| 650 | 0 |
_aOccupational training _xGovernment policy _xCongresses. |
|
| 650 | 0 |
_aSkilled labor _xCongresses. |
|
| 650 | 0 |
_aTechnological innovations _xEconomic aspects _xCongresses. |
|
| 650 | 0 |
_aQuality of products _xCongresses. |
|
| 650 | 0 |
_aCompetition, International _xCongresses. |
|
| 700 | 1 |
_aBooth, Alison L. _qauthor |
|
| 700 | 1 | _aSnower, Dennis J. | |
| 710 | 2 | _aCentre for Economic Policy Research (Great Britain) | |
| 856 | 4 | 2 |
_3Publisher description _uhttp://www.loc.gov/catdir/description/cam027/95022781.html |
| 856 | 4 | 1 |
_3Table of contents _uhttp://www.loc.gov/catdir/toc/cam021/95022781.html |
| 942 |
_2lcc _cBK _h5715 _iBOO _kHD |
||